000 00732nam a22002292 4500
001 0000013117
005 20151217152122.0
008 090604s xx 000 0 eng d
020 _a9966410392 :
040 _aKABU
_cKABU
100 1 _aCohen, Joel I.
_@0000170240
245 1 0 _aConservation and use of agro-ecological diversity /
_cJoel I. Cohen.
250 _a1st ed.
260 _aNairobi :
_bACTS,
_c1992.
300 _aiv, 26 p.
650 0 _aGenetic resource conservation.
_@0000170241
650 0 _aAgrobiodiversity conservation.
_@0000163266
852 1 _9p100 KES
852 1 _9p100 KES
908 _a090604
950 _@1
999 _c8450
_d8450